canciones de yo hago lo que me da la gana (Bad bunny) - Estadísticas

Estadísticas generales
  • Esta prueba ha sido intentada 160 veces
  • La puntuación promedio es 12 de 20
Estadísticas de respuestas
pista canciones % Correcto
ft Jowell & Randy, Ñengo flow safaera
87%
ft daddy yankee la santa
83%
<3
71%
ft Pablo Chill-e, Duki hablamos mañana
70%
ft Sech ignorantes
70%
ft Mora una vez
70%
Si veo a tu mamá
68%
ft Yaviah bichiyal
66%
ft Anuel AA está cabron ser yo
65%
25/8
61%
la zona
59%
yo perreo sola
59%
ft Ñengo flow que malo
58%
la difícil
55%
ft Kendo kaponi, Arcángel P FKN R
54%
a tu merced
52%
soliá
50%
ft Myke towers puesto pa' guerrial
47%
vete
47%
pero ya no
39%
No se encontraron pruebas coincidentes
Distribución de puntuación
Porcentaje de gente con cada puntuación
Porcentaje por número respondido
Historial de tus puntuaciones
No has intentado esta prueba.